MARC details
| 000 -LEADER |
| fixed length control field |
03156cam a2200457 i 4500 |
| 001 - CONTROL NUMBER |
| control field |
1337154836 |
| 003 - CONTROL NUMBER IDENTIFIER |
| control field |
OCoLC |
| 005 - DATE AND TIME OF LATEST TRANSACTION |
| control field |
20241126110728.0 |
| 008 - FIXED-LENGTH DATA ELEMENTS--GENERAL INFORMATION |
| fixed length control field |
220523s2022 ilua b 001 0 eng |
| 010 ## - |
| -- |
2022024589 |
| 020 ## - INTERNATIONAL STANDARD BOOK NUMBER |
| International Standard Book Number |
9781514002964 |
| Qualifying information |
(paperback) |
| 020 ## - INTERNATIONAL STANDARD BOOK NUMBER |
| International Standard Book Number |
1514002965 |
| Qualifying information |
(paperback) |
| 020 ## - INTERNATIONAL STANDARD BOOK NUMBER |
| Canceled/invalid ISBN |
9781514002971 |
| Qualifying information |
(electronic book) |
| 035 ## - SYSTEM CONTROL NUMBER |
| System control number |
(OCoLC)1337154836 |
| 040 ## - CATALOGING SOURCE |
| Original cataloging agency |
DLC |
| Language of cataloging |
eng |
| Description conventions |
rda |
| Transcribing agency |
DLC |
| Modifying agency |
OCLCF |
| -- |
YDX |
| -- |
OCLCQ |
| 042 ## - |
| -- |
pcc |
| 050 00 - |
| -- |
BR333.3 |
| -- |
.H35 2022 |
| 082 00 - DEWEY DECIMAL CLASSIFICATION NUMBER |
| Classification number |
230.41 |
| Edition information |
23/eng/20220725 |
| Item number |
HAI |
| 092 ## - LOCALLY ASSIGNED DEWEY CALL NUMBER (OCLC) |
| Classification number |
230.41 |
| Item number |
H12m |
| 100 1# - MAIN ENTRY--PERSONAL NAME |
| Personal name |
Hains, Todd R., |
| Authority record control number or standard number |
https://id.loc.gov/authorities/names/n2014008077 |
| Relator term |
author. |
| 9 (RLIN) |
17782 |
| 245 10 - TITLE STATEMENT |
| Title |
Martin Luther and the rule of faith : |
| Remainder of title |
reading God's word for God's people / |
| Statement of responsibility, etc. |
Todd R. Hains ; foreword by Robert Kolb. |
| 264 #1 - PRODUCTION, PUBLICATION, DISTRIBUTION, MANUFACTURE, AND COPYRIGHT NOTICE |
| Place of production, publication, distribution, manufacture |
Downers Grove, Illinois : |
| Name of producer, publisher, distributor, manufacturer |
IVP Academic, an imprint of InterVarsity Press, |
| Date of production, publication, distribution, manufacture, or copyright notice |
[2022] |
| 264 #4 - PRODUCTION, PUBLICATION, DISTRIBUTION, MANUFACTURE, AND COPYRIGHT NOTICE |
| Date of production, publication, distribution, manufacture, or copyright notice |
℗♭2022 |
| 300 ## - PHYSICAL DESCRIPTION |
| Extent |
xx, 217 pages : |
| Other physical details |
illustrations ; |
| Dimensions |
23 cm. |
| 336 ## - CONTENT TYPE |
| Content type term |
text |
| Content type code |
txt |
| Source |
rdacontent |
| 337 ## - MEDIA TYPE |
| Media type term |
unmediated |
| Media type code |
n |
| Source |
rdamedia |
| 338 ## - CARRIER TYPE |
| Carrier type term |
volume |
| Carrier type code |
nc |
| Source |
rdacarrier |
| 490 1# - SERIES STATEMENT |
| Series statement |
New explorations in theology |
| 504 ## - BIBLIOGRAPHY, ETC. NOTE |
| Bibliography, etc. note |
Includes bibliographical references and indexes. |
| 505 00 - FORMATTED CONTENTS NOTE |
| Title |
Scripture against scripture: an introduction -- |
| -- |
Ancient catechism: defining the rule of faith -- |
| -- |
Childish doctrine: explaining the catechism -- |
| -- |
Resurrection of the dead: reading the law according to the rule of faith -- |
| -- |
Spoils of death's death: reading the historical books according to the rule of faith -- |
| -- |
Updside-down king: reading the wisdom books according to the rule of faith -- |
| -- |
Great light in darkness: reading the prophets according to the rule of faith -- |
| -- |
Light of the world: reading the new testament according to the rule of faith -- |
| -- |
Scripture according to scripture: five theses on the rule of faith -- |
| -- |
This is most certainly true: a conclusion. |
| 520 ## - SUMMARY, ETC. |
| Summary, etc. |
"Martin Luther is known for challenging the Roman Catholic church; yet reading God's Word was what Luther considered his primary task. Though he is often portrayed as reading the Bible with a bare approach, Todd R. Hains considers how Luther's interpretation of the text was actually guided by the church's established practice of hermeneutics"-- |
| Assigning source |
Provided by publisher |
| 600 10 - SUBJECT ADDED ENTRY--PERSONAL NAME |
| Personal name |
Luther, Martin, |
| Dates associated with a name |
1483-1546. |
| Authority record control number or standard number |
https://id.loc.gov/authorities/names/n79089628 |
| 9 (RLIN) |
3327 |
| 630 00 - SUBJECT ADDED ENTRY--UNIFORM TITLE |
| Uniform title |
Bible |
| General subdivision |
Criticism, interpretation, etc. |
| Authority record control number or standard number |
https://id.loc.gov/authorities/subjects/sh85013617 |
| 9 (RLIN) |
144 |
| 630 00 - SUBJECT ADDED ENTRY--UNIFORM TITLE |
| Uniform title |
Bible |
| General subdivision |
Hermeneutics. |
| Authority record control number or standard number |
https://id.loc.gov/authorities/subjects/sh85013650 |
| 9 (RLIN) |
1790 |
| 650 #0 - SUBJECT ADDED ENTRY--TOPICAL TERM |
| Topical term or geographic name entry element |
Rule of faith. |
| Authority record control number or standard number |
https://id.loc.gov/authorities/subjects/sh85115804 |
| 9 (RLIN) |
17783 |
| 655 #7 - INDEX TERM--GENRE/FORM |
| Genre/form data or focus term |
Criticism, interpretation, etc. |
| Source of term |
fast |
| Authority record control number or standard number |
https://id.worldcat.org/fast/1411635 |
| 9 (RLIN) |
1372 |
| 700 1# - ADDED ENTRY--PERSONAL NAME |
| Personal name |
Kolb, Robert, |
| Authority record control number or standard number |
https://id.loc.gov/authorities/names/n2001109002 |
| Relator term |
writer of foreword. |
| 9 (RLIN) |
14987 |
| 776 08 - ADDITIONAL PHYSICAL FORM ENTRY |
| Relationship information |
Online version: |
| Main entry heading |
Hains, Todd R. |
| Title |
Martin Luther and the rule of faith. |
| Place, publisher, and date of publication |
Downers Grove, IL : IVP Academic, 2022 |
| International Standard Book Number |
9781514002971 |
| Record control number |
(DLC) 2022024590 |
| 830 #0 - |
| -- |
New explorations in theology. |
| -- |
https://id.loc.gov/authorities/names/no2016005482 |
| -- |
17784 |
| 942 ## - ADDED ENTRY ELEMENTS (KOHA) |
| Source of classification or shelving scheme |
Dewey Decimal Classification |
| Koha item type |
Books |